000 00577nam a2200229Ia 4500
003 OSt
005 20220924132444.0
006 a|||||r|||| 00| 0
007 ta
008 220923b |||||||| |||| 00| 0 hin d
024 _a57583
037 _cTextual
040 _aARTS
_cARTS
_bhin
041 _2hin
_ahin
082 _aQ1:2:9, 152L2.1
100 _aChaubey Braj Bihari
245 0 _aVedic vanmay
_b ek anusheelan
260 _c1972
650 _aRELIGION
942 _hQ1:2:9, 152L2.1
_cTEXL
_2CC
999 _c430325
_d430325